000 01140nam0a22002411i 4500
001 rc\4468962
005 20240921122035.0
021 _aRU
_b[65-100300]
035 _a(NLR Aleph) 008329037
090 _a8805209
_c8805209
100 _a20130416d1965 |||y0rusy50 ca
101 0 _arus
102 _aRU
105 _ay d |||||
200 1 _aАктивизация умственной деятельности учащихся при изучении грамматических понятий
_e(На примере формирования понятий членов предложения)
_eАвтореферат дис. на соискание учен. степени кандидата пед. наук по разделу методик
_fКуйбышевский гос. пед. ин-т им. В.В. Куйбышева
210 _aКуйбышев
_d1965
215 _a22 с.
700 1 _4070
_7ca
_8rus
_aВяткин
_bЛ. Г.
_f1933-2005
_gЛеонид Григорьевич
_9261431
_3RU\NLR\AUTH\770261487
801 0 _aRU
_bNLR
_gpsbo
801 1 _aRU
_bELAR
_2rusmarc
852 _aNLR
_j66-4/862
942 _cBOOK